000
00245nam a22001217a 4500
008
171002b xxu||||| |||| 00| 0 eng d
041
_a
eng
080
_a
7
100
_a
40
101
_a
ART
245
_a
CEZANNE
_c
JEWELL,E.A
942
_2
udc
_c
BK
999
_c
31081
_d
31081